Statistics for Countries With A Caspian Sea Coastline

Click here to take the quiz!

General Stats

  • This quiz has been taken 27 times
  • The average score is 5 of 5

Answer Stats

Answer% Correct
Kazakhstan
100%
Russia
100%
Azerbaijan
96%
Iran
89%
Turkmenistan
89%

Score Distribution

Percentile by Number Answered

Percent of People with Each Score

Your Score History

You have not taken this quiz